| 000 | 00681cam a2200241 4500 | ||
|---|---|---|---|
| 008 | 090401t1988 xxu||||| |||| 00| 0 eng d | ||
| 020 | _a0851253628 | ||
| 035 | _a(Sirsi) u20012 | ||
| 041 | _aeng | ||
| 050 | _a624.175 | ||
| 100 | _aBuller, P.S.J. | ||
| 245 | 4 | _aThe October gale of 1987: damage to buildings and structures in the south-east of England | |
| 260 |
_aGarston, Watford _bBuilding Research Establishment _c1988 |
||
| 300 | _aiii,23p. : ill.,maps ; 30cm. | ||
| 350 | _a14 | ||
| 490 | _aBRE Report | ||
| 650 | _aBUILDING FAILURES | ||
| 650 | _aGALE DAMAGE | ||
| 650 | _aSTRUCTURAL FAILURES | ||
| 650 | _aWIND DAMAGE | ||
| 942 | _n0 | ||
| 948 | _c04/03/1997 | ||
| 999 |
_c87747 _d87747 |
||